| 000 | 00563nam a2200205Ia 4500 | ||
|---|---|---|---|
| 005 | 20250923144423.0 | ||
| 008 | 008 250917s9999 xx 000 0 eng d | ||
| 037 | _aTextual | ||
| 040 |
_aDSWL _beng _cDSWL |
||
| 041 |
_aeng _2eng |
||
| 084 |
_aXv1:N5, J2 _qDSWL |
||
| 100 |
_aCole, G.D.H _9824729 |
||
| 245 | 0 |
_aIntroduction to economic histry1759-1950 _cby G.D.H Cole |
|
| 260 |
_aLondon _bMacmillan _c1952 |
||
| 300 | _a233 p. | ||
| 365 |
_aINR _b1 |
||
| 925 | _g1 | ||
| 942 |
_cTEXL _hXv1:N5, J2 |
||
| 999 |
_c1438624 _d1438624 |
||